Statistics for Gemstones and Minerals by Picture - Medium

Click here to take the quiz!

General Stats

  • This quiz has been taken 22 times
  • The average score is 7 of 24

Answer Stats

Answer% Correct
Obsidian
68%
Rose Quartz
58%
Smoky Quartz
53%
Tiger's Eye
53%
Moonstone
47%
Tanzanite
47%
Fluorite
42%
Carnelian
32%
Heliotrope
32%
Alexandrite
26%
Apatite
26%
Feldspar
26%
Sodalite
26%
Zircon
26%
Amazonite
21%
Chalcedony
21%
Hematite
21%
Azurite
16%
Corundum
16%
Olivine
16%
Serpentine
16%
Talc
16%
Gypsum
11%
Nephrite
11%

Score Distribution

Percentile by Number Answered

Percent of People with Each Score

Your Score History

You have not taken this quiz